<?xml version="1.0" encoding="UTF-8"?>
<record
    xmlns:xsi="http://www.w3.org/2001/XMLSchema-instance"
    xsi:schemaLocation="http://www.loc.gov/MARC21/slim http://www.loc.gov/standards/marcxml/schema/MARC21slim.xsd"
    xmlns="http://www.loc.gov/MARC21/slim">

  <leader>01421cam a2200301 i 4500</leader>
  <controlfield tag="001">zz2003985029</controlfield>
  <controlfield tag="003">NUKAT</controlfield>
  <controlfield tag="005">20260425105947.0</controlfield>
  <controlfield tag="008">030808s1867    pl     g     |001 0 pol c</controlfield>
  <datafield tag="035" ind1=" " ind2=" ">
    <subfield code="a">(OCoLC)839002616</subfield>
  </datafield>
  <datafield tag="035" ind1=" " ind2=" ">
    <subfield code="a">(NUKAT)zz2003985029</subfield>
  </datafield>
  <datafield tag="040" ind1=" " ind2=" ">
    <subfield code="a">LUBL M/mm</subfield>
    <subfield code="c">LUBL M/mm</subfield>
    <subfield code="d">LUBL M/JD</subfield>
    <subfield code="d">WR U/PAdjm</subfield>
    <subfield code="d">WA U/JLs</subfield>
    <subfield code="d">WR U/PAdjm</subfield>
    <subfield code="d">WR O/IS</subfield>
  </datafield>
  <datafield tag="041" ind1="0" ind2=" ">
    <subfield code="a">pol</subfield>
    <subfield code="a">lat</subfield>
  </datafield>
  <datafield tag="100" ind1="1" ind2=" ">
    <subfield code="a">Burzy&#x144;ski, Piotr</subfield>
    <subfield code="d">(1819-1879).</subfield>
    <subfield code="9">40519</subfield>
  </datafield>
  <datafield tag="245" ind1="1" ind2="0">
    <subfield code="a">Prawo polskie prywatne :</subfield>
    <subfield code="b">napisane i po&#x15B;wi&#x119;cone pami&#x119;ci ubieg&#x142;ych w roku 1864 pi&#x119;ciuset lat istnienia Akademii Krakowskiej.</subfield>
    <subfield code="n">T. 1,</subfield>
    <subfield code="p">Obejmuj&#x105;cy &#x17A;r&#xF3;d&#x142;a prawa polskiego i z prawa prywatnego.</subfield>
    <subfield code="n">Cz. 1,</subfield>
    <subfield code="p">O osobach jako podmiotach stosunk&#xF3;w prawnych /</subfield>
    <subfield code="c">przez Piotra Burzy&#x144;skiego.</subfield>
  </datafield>
  <datafield tag="246" ind1="3" ind2="0">
    <subfield code="a">O osobach jako podmiotach stosunk&#xF3;w prawnych</subfield>
  </datafield>
  <datafield tag="260" ind1=" " ind2=" ">
    <subfield code="a">Krak&#xF3;w :</subfield>
    <subfield code="b">nak&#x142;. autora,</subfield>
    <subfield code="c">1867</subfield>
    <subfield code="e">(Krak&#xF3;w :</subfield>
    <subfield code="f">Drukarnia c. k. Uniwersytetu Jagiello&#x144;skiego pod zarz&#x105;dem K. Ma&#x144;kowskiego).</subfield>
  </datafield>
  <datafield tag="300" ind1=" " ind2=" ">
    <subfield code="a">VI, 534 s. ;</subfield>
    <subfield code="c">22 cm.</subfield>
  </datafield>
  <datafield tag="336" ind1=" " ind2=" ">
    <subfield code="a">Tekst</subfield>
    <subfield code="b">txt</subfield>
    <subfield code="2">rdacontent</subfield>
  </datafield>
  <datafield tag="337" ind1=" " ind2=" ">
    <subfield code="a">Bez urz&#x105;dzenia po&#x15B;rednicz&#x105;cego</subfield>
    <subfield code="b">n</subfield>
    <subfield code="2">rdamedia</subfield>
  </datafield>
  <datafield tag="338" ind1=" " ind2=" ">
    <subfield code="a">Wolumin</subfield>
    <subfield code="b">nc</subfield>
    <subfield code="2">rdacarrier</subfield>
  </datafield>
  <datafield tag="504" ind1=" " ind2=" ">
    <subfield code="a">Indeksy.</subfield>
  </datafield>
  <datafield tag="530" ind1=" " ind2=" ">
    <subfield code="a">Dost&#x119;pne r&#xF3;wnie&#x17C; w wersji elektronicznej w Bibliotece Cyfrowej Uniwersytetu Wroc&#x142;awskiego.</subfield>
  </datafield>
  <datafield tag="546" ind1=" " ind2=" ">
    <subfield code="a">Tekst cz&#x119;&#x15B;c. &#x142;ac.</subfield>
  </datafield>
  <datafield tag="650" ind1=" " ind2="7">
    <subfield code="a">Prawo prywatne</subfield>
    <subfield code="z">Polska</subfield>
    <subfield code="y">19 w.</subfield>
    <subfield code="2">kaba</subfield>
    <subfield code="9">40520</subfield>
  </datafield>
  <datafield tag="856" ind1="4" ind2="1">
    <subfield code="u">http://bibliotekacyfrowa.pl/publication/46668</subfield>
  </datafield>
  <datafield tag="942" ind1=" " ind2=" ">
    <subfield code="2">ddc</subfield>
    <subfield code="c">BK_NM</subfield>
  </datafield>
  <datafield tag="999" ind1=" " ind2=" ">
    <subfield code="c">27764</subfield>
    <subfield code="d">27764</subfield>
  </datafield>
  <datafield tag="952" ind1=" " ind2=" ">
    <subfield code="0">0</subfield>
    <subfield code="1">0</subfield>
    <subfield code="2">ddc</subfield>
    <subfield code="4">0</subfield>
    <subfield code="7">0</subfield>
    <subfield code="8">PBKH</subfield>
    <subfield code="a">BIP</subfield>
    <subfield code="b">PBKH</subfield>
    <subfield code="d">2026-04-25</subfield>
    <subfield code="e">K-69/1965</subfield>
    <subfield code="f">K</subfield>
    <subfield code="i">16424</subfield>
    <subfield code="l">0</subfield>
    <subfield code="o">16424</subfield>
    <subfield code="p">IPWK16682</subfield>
    <subfield code="r">2026-04-25 11:01:02</subfield>
    <subfield code="w">2026-04-25</subfield>
    <subfield code="y">BK_NM</subfield>
  </datafield>
</record>
